000 004390000a22001570004500
003 MACL
005 20160206131141.0
008 160206b xxu||||| |||| 00| 0 eng d
040 _aMACL
_cMACL
041 _aSanskrit
082 _a294
245 _aबुद्धघर्म के उपदेश
260 _bश्रीअजन्‍ता प्रेस
_aपटना
650 _aReligion
_937095
942 _cSAN
_k294
_2ddc
999 _c23063
_d23063